Statystyki dla Państwa z kolorem pomarańczowym na swojej fladze.

Kliknij tutaj aby rozwiązać quiz!

Ogólne statystyki

  • Ten quiz został rozwiązany 36 razy
  • Średni wynik to 5 z 6

Statystyki odpowiedzi

Odpowiedź% Poprawnych
Indie
100%
Irlandia
100%
Bhutan
90%
Wybrzeże Kości Słoniowej
90%
Sri Lanka
84%
Niger
81%

Rozkład punktacji

Percentyl według liczby udzielonych odpowiedzi

Procent ludzi z każdym wynikiem

Twoja historia wyników

Nie rozwiązałeś tego quizu